000 00843nam a2200229 a 4500
001 70667
003 BD-RjUL
005 20211209082027.0
008 170418s2005 bg a|||| |||| 000 0 ben d
020 _c: Tk. 290.00
035 _a(BD-RjUL)70881
040 _aBD-RjUL
_bben
_cBD-RjUL
_dBD-RjUL
041 _aben
082 _223
_a305.4092
_bRAS 2005
100 1 _aরহমান, জওশন আরা
_9209167
245 1 0 _aস্মৃতিকথা :
_bএকটি অজানা মেয়ে /
_cজওশন আরা রহমান
260 _aঢাকা :
_bনবযুগ প্রকাশনী.
_c২০০৫ [১৪১২]
300 _a২৯৪ পৃ :
_bচিত্র. ;
_c২৭ সেমি.
650 _aমহিলার জীবনী
_9209248
650 _aWomen Biography
_9209249
942 _2ddc
_cBK
999 _c70667
_d70667